Belgium

Enregistré dans:
Détails bibliographiques
Format: Livre
Langue:anglais
Publié: Paris OECD 2011
Collection:OECD economic surveys
Sujets:
Tags: Ajouter un tag
Pas de tags, Soyez le premier à ajouter un tag!

MARC

LEADER 00000nam a2200000 4500
001 0143591
005 20240315120410.6
020 |a 978-92-64-09328-7 
022 |a 1995-3704 
041 0 |a eng 
044 |a FR 
245 1 0 |a Belgium 
264 1 |a Paris  |b OECD  |c 2011 
300 |a 147 s. 
490 1 |a OECD economic surveys 
830 0 |a OECD economic surveys 
610 2 0 |a financie verejné 
610 2 0 |a reformy sociálne 
610 2 0 |a reformy štruktúrne 
610 2 0 |a ochrana sociálna 
610 2 0 |a trh práce 
610 2 0 |a nezamestnanosť 
610 2 0 |a čas pracovný 
610 2 0 |a vláda 
610 2 0 |a energia 
610 2 0 |a emisia 
610 2 0 |a znečistenie prostredia životného 
610 2 0 |a kvalita vody 
610 2 0 |a politika environmentálna 
610 2 0 |a Belgicko 
610 2 0 |a dane